| 000 -ლიდერი |
| ფიქსირებული სიგრძის საკონტროლო ველი |
01937nam a2200265Ia 4500 |
| 001 - საკონტროლო ნომერი |
| საკონტროლო ველი |
17674 |
| 003 - საკონტროლო ნომრის იდენტიფიკატორი |
| საკონტროლო ველი |
GE_BSU |
| 005 - ბოლო ოპერაციის თარიღი და დრო |
| საკონტროლო ველი |
20200221165205.0 |
| 008 - ფიქსირებული სიგრძის მონაცემთა ელემენტები - ზოგადი ინფორმაცია |
| ფიქსირებული სიგრძის საკონტროლო ველი |
181216s2015ge xx |||||||||||||| ||geo|| |
| 020 ## - წიგნის საერთაშორისო სტანდარტული ნომერი |
| International Standard Book Number |
2346-7657 |
| 040 ## - კატალოგიზაციის წყარო |
| Transcribing agency |
GE_BSU |
| 041 ## - ენის კოდი |
| Language code of text/sound track or separate title |
geo |
| 080 ## - უნივერსალური ათობითი კლასიფიკაციის ინდექსი |
| Universal Decimal Classification number |
378(063) ჰ-92 |
| 245 ## - ცნობა სათაურის შესახებ |
| Title |
ჰუმანიტარულ მეცნიერებათა და სამართლის ფაკულტეტის შრომები : |
| Remainder of title |
ტ. 5 : / |
| Statement of responsibility, etc |
სარედ.კოლეგია : სერგო ვარდოსანიძე ; როინ მეტრეველი ; მინდია უგრეხელიძე ; ვახტანგ გურული ; და სხვ . : ტომი გამოსაცემად მოამზადეს ვახტანგ გურულმა ; და ლევან ჯიქიამ. |
| 264 ## - წარმოების, გამოცემის, დისტრიბუციის და სხვა ცნობები |
| გამოცემის, წარმოების, დისტრიბუციის... ადგილი |
თბილისი : |
| გამოცემის, წარმოების, დისტრიბუციის... სახელწოდება |
ქართული უნ-ტის გამ-ბა, |
| გამოცემის, წარმოების, დისტრიბუციის... თარიღი |
2015. |
| 300 ## - ფიზიკური აღწერა |
| Extent |
174 გვ.: |
| Dimensions |
29 სმ. |
| 653 ## - INDEX TERM--UNCONTROLLED |
| Uncontrolled term |
ისტორია,ფილოლოგია თარგმანმცოდნეობა სამართალი |
| 653 ## - INDEX TERM--UNCONTROLLED |
| Uncontrolled term |
შრომაში დაბეჭდილია გამოკვლევები,რომელიც მიძღვნილია ისტორიის,ფილოლოგიის,თარგმანმცოდნეობის,დემოგრაფიისა და სამართლის აქტუალური პრობლემებისადმი |
| 653 ## - INDEX TERM--UNCONTROLLED |
| Uncontrolled term |
შრომები |
| 700 ## - ADDED ENTRY--PERSONAL NAME |
| Personal name |
ვარდოსანიძე, სერგო |
| 9 (RLIN) |
7334 |
| 700 ## - ADDED ENTRY--PERSONAL NAME |
| Personal name |
მეტრეველი, როინ |
| 9 (RLIN) |
7335 |
| 700 ## - ADDED ENTRY--PERSONAL NAME |
| Personal name |
უგრეხელიძე, მინდია |
| 9 (RLIN) |
6958 |
| 700 ## - ADDED ENTRY--PERSONAL NAME |
| Personal name |
გურული, ვახტანგ |
| 9 (RLIN) |
7336 |
| 942 ## - ADDED ENTRY ELEMENTS (KOHA) |
| Koha item type |
წიგნი |
| Source of classification or shelving scheme |
|